000 00783nam a22002177a 4500
999 _c165051
_d165051
005 20190604122713.0
010 _aENG-125468
020 _a9382216138
_c300.00
035 _aEN-109000
037 _bDBAD/PUB
082 _a362.870954167
100 _aFernandes, Walter
245 _aThe Teesta on the run :
_bdevelopment-induced displacement in Sikkim, 1975-2010 /
_cWalter Fernandes, George Thadathil, Bitopi Dutta.
260 _aAssam
_bNorth Eastern Social Research Centre
_c2016
270 _aJagriti 2nd Floor
_bGuwahati, Assam
_e781005
_mnesrcghy@gmail.com
300 _a352 pages.
_c22cm.(Hb)
500 _aIncludes bibliographical references and index.
700 _aThadathil, George
700 _aDutta, Bitopi
942 _2ddc
_cEN
_h362.8709
_mFER